MARC

LEADER 00000nam0a2200000 4500
001 18380
005 20231030191251.0
035 |a (RuTPU)RU\TPU\book\18529 
035 |a BOOK00003217 
090 |a 18380 
100 |a 20011209d1982 km y0rusy50 ca 
101 0 |a rus 
102 |a RU 
105 |a a ef 001zy 
200 1 |a Книговедение  |e энциклопедический словарь  |f гл. ред. Н. М. Сикорский 
210 |a Москва  |c Советская энциклопедия  |d 1982 
215 |a 664 с.  |c ил., цв. ил. 
610 1 |a книговедение 
610 1 |a книги 
610 1 |a произведения печати 
610 1 |a издание 
610 1 |a хранение 
610 1 |a распространение 
610 1 |a книжное дело 
610 1 |a издательское дело 
610 1 |a книжная торговля 
610 1 |a полиграфия 
610 1 |a библиография 
610 1 |a справочники 
610 1 |a история книги 
686 |a Ч611я2  |v LBC/SL-A  |2 rubbk 
702 1 |a Сикорский  |b Н. М.  |4 651 
801 0 |a RU  |b 63413507  |c 20011209  |g PSBO 
801 2 |a RU  |b 63413507  |c 20220113  |g PSBO 
942 |c BK